| 000 | 00886nam a22002417a 4500 | ||
|---|---|---|---|
| 001 | 1625 | ||
| 005 | 20230911154551.0 | ||
| 020 | _a9781407133300 | ||
| 040 |
_aDLC _beng _erda _cDLC _dFISKH |
||
| 050 | _aPZ7.P63123 | ||
| 082 | _a813.6 | ||
| 100 | 1 | _aPilkey, Dav | |
| 245 | 1 | 0 |
_aCaptain Underpants and the terrifying return of Tippy Tinkletrousers / _cDav Pilkey. |
| 260 |
_aLondon : _bScholastic, _c2012 |
||
| 300 |
_a103 pages : _c20 cm |
||
| 490 | 0 |
_aCaptain underpants ; _v9 |
|
| 505 | _aO | ||
| 520 | _aAfter being sent to jail for the rest of their lives, George and Harold are taken on a trip back in time by Tippy Tinkletrousers back to their Kindergarten days where they must deal with their bully without the help of Captain Underpants. | ||
| 521 |
_a850
_bLexile |
||
| 521 |
_aO
_bRaz-Plus |
||
| 906 |
_a0 _bibc _corignew _d2 _eepcn _f20 _gy-gencatlg |
||
| 942 |
_2ddc _cBK _n0 |
||
| 999 |
_c1625 _d1625 |
||